Uttar Pradesh district gazetteers: Chamoli (Record no. 486967)

000 -LEADER
fixed length control field 00356cam a22001097a 4500
008 - FIXED-LENGTH DATA ELEMENTS--GENERAL INFORMATION
fixed length control field 180718b1979 xxu||||| |||| 00| 0 eng d
082 ## - DEWEY DECIMAL CLASSIFICATION NUMBER
Classification number A75 Ut8C
245 ## - TITLE STATEMENT
Title Uttar Pradesh district gazetteers: Chamoli
Statement of responsibility, etc. edited by Saiyad Ali Akhtar Rizvi
260 ## - PUBLICATION, DISTRIBUTION, ETC.
Place of publication, distribution, etc. Lucknow
Name of publisher, distributor, etc. Department of District Gazetteers
Date of publication, distribution, etc. 1979
300 ## - PHYSICAL DESCRIPTION
Extent 182p.
700 ## - ADDED ENTRY--PERSONAL NAME
Personal name Rizvi, Saiyad Ali Akhtar
Holdings
Withdrawn status Lost status Damaged status Not for loan Permanent Location Current Location Date acquired Full call number Barcode Date last seen Price effective from Koha item type
        Indian Institute of Public Administration Indian Institute of Public Administration 2018-08-04 A75 Ut8C G16036 2018-08-04 2018-08-04 G

Powered by Koha